Asociaciones de origen: exclusión, violencia y políticas de desarrollo /
Esta no es una exposición económica o política, es una exploración que se desliza por espacios que muchas veces se juntan, se separan o que están diagramados, o son espacios fluidos que también pueden esta en proceso de diagramación. Apoyándose en estas ideas el autor intenta dar una perspectiva de...
Guardado en:
| Hovedforfatter: | |
|---|---|
| Format: | Texto |
| Fag: | |
| Tags: |
Tilføj Tag
Ingen Tags, Vær først til at tagge denne postø!
|
MARC
| LEADER | 00000 a a2200000 04500 | ||
|---|---|---|---|
| 001 | 5262 | ||
| 003 | |||
| 040 | |||
| 100 | |a Carranza, Douglas | ||
| 245 | |a Asociaciones de origen: |b exclusión, violencia y políticas de desarrollo / |c Douglas Carranza | ||
| 520 | |a Esta no es una exposición económica o política, es una exploración que se desliza por espacios que muchas veces se juntan, se separan o que están diagramados, o son espacios fluidos que también pueden esta en proceso de diagramación. Apoyándose en estas ideas el autor intenta dar una perspectiva de la situación de las asociaciones y de su imaginario. Donde interesa mucho la cuestión cultural, lo organizativo, los espacios de trabajo, lo cotidiano de las asociaciones y los espacios donde se mueven o hacia dónde se mueven. En este ensayo se refiere a las experiencias de las asociaciones organizadas por los salvadoreños residentes en los Estados Unidos y, muy particularmente, de las asociaciones de Los Angeles, California y a la relación de estas asociaciones con las políticas de desarrollo, la exclusión que se genera y la forma en que se violenta el quehacer de los inmigrantes | ||
| 650 | |a ORGANIZACIONES SOCIALES | ||
| 650 | |a MIGRANTES | ||
| 650 | |a SALVADOREÑOS | ||
| 650 | |a ESTADOS UNIDOS | ||
| 773 | |g volumen 62, número 709 -710; páginas 1081-1085 | ||
| 999 | |c 22382 |d 22382 | ||
| 773 | 0 | |0 18723 |9 2717 |a Universidad Centroamericana José Simeón Cañas (UCA) |d San Salvador, El Salvador Universidad Centroamericana José Simeón |o 05132 |t ECA: | |
